Revista Chilena de Literatura /

La Revista Chilena de Literatura, fundada en 1970 por la Facultad de Filosofía y Humanidades de la Universidad de Chile, tiene por objetivo publicar estudios que ayuden al mejor conocimiento de las letras, se define como una revista destinada a difundir y acoger los productos de la investigación. Su...

Full description

Bibliographic Details
Corporate Author: Universidad de Chile Departamento de Literatura
Format: Revista
Language:Spanish
Published: Santiago, Chile Departamento de Literatura, Universidad de Chile 1970
Subjects:
Online Access:

MARC

LEADER 00000cas a2200000 a 4500
001 039698
003 UAHC_CL
005 20170803124404.0
008 060419s19979999cl 000 1 spa
022 |a 00487651 
040 |a UAHC_CL  |c UAHC_CL  |d UAHC_CL 
245 1 0 |a Revista Chilena de Literatura /  |c Departamento de Literatura, Universidad de Chile. 
260 |b Departamento de Literatura, Universidad de Chile  |c 1970  |a Santiago, Chile 
300 |a v. 
520 |a La Revista Chilena de Literatura, fundada en 1970 por la Facultad de Filosofía y Humanidades de la Universidad de Chile, tiene por objetivo publicar estudios que ayuden al mejor conocimiento de las letras, se define como una revista destinada a difundir y acoger los productos de la investigación. Sus artículos corresponden a trabajos originados en centros universitarios y privilegia los estudios de los académicos del Departamento de la especialidad, aunque busca también la colaboración de investigadores de otras universidades del país, así como la de catedráticos extranjeros de prestigio internacional. 
650 4 |a LITERATURA  |v PUBLICACIONES PERIODICAS 
650 4 |a HUMANIDADES  |v PUBLICACIONES PERIODICAS 
710 1 |a Universidad de Chile  |b Departamento de Literatura 
900 |a REV. CHIL. LIT. 
942 |c REV 
952 |0 0  |1 0  |4 0  |6 REV___CHIL__LIT_49_96_000000000000000  |7 0  |8 General  |9 75329  |a BC  |b BC  |c General  |d 2017-08-03  |l 0  |o REV. CHIL. LIT.-49/96  |p 1373937  |r 2019-01-03 00:00:00  |t 1  |w 2017-08-03  |y REV 
952 |0 0  |1 0  |4 0  |6 REV___CHIL__LIT_51_97_000000000000000  |7 0  |8 General  |9 75330  |a BC  |b BC  |c General  |d 2017-08-03  |l 0  |o REV. CHIL. LIT.-51/97  |p 1373938  |r 2019-01-03 00:00:00  |t 1  |w 2017-08-03  |y REV 
952 |0 0  |1 0  |4 0  |6 REV___CHIL__LIT_48_96_000000000000000  |7 0  |8 General  |9 75331  |a BC  |b BC  |c General  |d 2017-08-03  |l 0  |o REV. CHIL. LIT.-48/96  |p 1373939  |r 2019-01-03 00:00:00  |t 1  |w 2017-08-03  |y REV 
952 |0 0  |1 0  |4 0  |6 REV___CHIL__LIT_47_95_000000000000000  |7 0  |8 General  |9 75332  |a BC  |b BC  |c General  |d 2017-08-03  |l 1  |o REV. CHIL. LIT.-47/95  |p 1373940  |r 2019-01-03 00:00:00  |s 2017-11-21  |t 1  |w 2017-08-03  |y REV 
952 |0 0  |1 0  |4 0  |6 REV___CHIL__LIT_44_94_000000000000000  |7 0  |8 General  |9 75333  |a BC  |b BC  |c General  |d 2017-08-03  |l 0  |o REV. CHIL. LIT.-44/94  |p 1373941  |r 2019-01-03 00:00:00  |t 1  |w 2017-08-03  |y REV 
952 |0 0  |1 0  |4 0  |6 REV___CHIL__LIT_75_09_000000000000000  |7 0  |8 Hemeroteca  |9 75334  |a BC  |b BC  |c Hemeroteca  |d 2017-08-03  |l 0  |o REV. CHIL. LIT.-75/09  |p 1707952  |r 2019-01-03 00:00:00  |t 1  |w 2017-08-03  |y REV 
952 |0 0  |1 0  |4 0  |6 REV___CHIL__LIT_80_11_000000000000000  |7 0  |8 Hemeroteca  |9 75335  |a BC  |b BC  |c Hemeroteca  |d 2017-08-03  |l 0  |o REV. CHIL. LIT.-80/11  |p 1707953  |r 2019-01-03 00:00:00  |t 1  |w 2017-08-03  |y REV 
952 |0 0  |1 0  |4 0  |6 REV___CHIL__LIT_62_03_000000000000000  |7 0  |8 Hemeroteca  |9 75336  |a BC  |b BC  |c Hemeroteca  |d 2017-08-03  |l 0  |o REV. CHIL. LIT.-62/03  |p 1408028  |r 2019-01-03 00:00:00  |t 1  |w 2017-08-03  |y REV 
952 |0 0  |1 0  |4 0  |6 REV___CHIL__LIT_58_01_000000000000000  |7 0  |8 Hemeroteca  |9 75337  |a BC  |b BC  |c Hemeroteca  |d 2017-08-03  |l 0  |o REV. CHIL. LIT.-58/01  |p 1408027  |r 2019-01-03 00:00:00  |t 1  |w 2017-08-03  |y REV 
952 |0 0  |1 0  |4 0  |6 REV___CHIL__LIT_68_06_000000000000000  |7 0  |8 Hemeroteca  |9 75338  |a BC  |b BC  |c Hemeroteca  |d 2017-08-03  |l 0  |o REV. CHIL. LIT.-68/06  |p 1707946  |r 2019-01-03 00:00:00  |t 1  |w 2017-08-03  |y REV 
952 |0 0  |1 0  |4 0  |6 REV___CHIL__LIT_67_05_000000000000000  |7 0  |8 Hemeroteca  |9 75339  |a BC  |b BC  |c Hemeroteca  |d 2017-08-03  |l 0  |o REV. CHIL. LIT.-67/05  |p 1707945  |r 2019-01-03 00:00:00  |t 1  |w 2017-08-03  |y REV 
952 |0 0  |1 0  |4 0  |6 REV___CHIL__LIT_30_87_000000000000000  |7 0  |8 Hemeroteca  |9 75340  |a BC  |b BC  |c Hemeroteca  |d 2017-08-03  |l 0  |o REV. CHIL. LIT.-30/87  |p 1707917  |r 2019-01-03 00:00:00  |t 1  |w 2017-08-03  |y REV 
952 |0 0  |1 0  |4 0  |6 REV___CHIL__LIT_31_88_000000000000000  |7 0  |8 Hemeroteca  |9 75341  |a BC  |b BC  |c Hemeroteca  |d 2017-08-03  |l 0  |o REV. CHIL. LIT.-31/88  |p 1707918  |r 2019-01-03 00:00:00  |t 1  |w 2017-08-03  |y REV 
952 |0 0  |1 0  |4 0  |6 REV___CHIL__LIT_14_79_000000000000000  |7 0  |8 Hemeroteca  |9 75342  |a BC  |b BC  |c Hemeroteca  |d 2017-08-03  |l 0  |o REV. CHIL. LIT.-14/79  |p 1707908  |r 2019-01-03 00:00:00  |t 1  |w 2017-08-03  |y REV 
952 |0 0  |1 0  |4 0  |6 REV___CHIL__LIT_15_80_000000000000000  |7 0  |8 Hemeroteca  |9 75343  |a BC  |b BC  |c Hemeroteca  |d 2017-08-03  |l 0  |o REV. CHIL. LIT.-15/80  |p 1707909  |r 2019-01-03 00:00:00  |t 1  |w 2017-08-03  |y REV 
952 |0 0  |1 0  |4 0  |6 REV___CHIL__LIT_1617_80_000000000000000  |7 0  |8 Hemeroteca  |9 75344  |a BC  |b BC  |c Hemeroteca  |d 2017-08-03  |l 0  |o REV. CHIL. LIT.-16-17/80  |p 1707910  |r 2019-01-03 00:00:00  |t 1  |w 2017-08-03  |y REV 
952 |0 0  |1 0  |4 0  |6 REV___CHIL__LIT_19_82_000000000000000  |7 0  |8 Hemeroteca  |9 75345  |a BC  |b BC  |c Hemeroteca  |d 2017-08-03  |l 0  |o REV. CHIL. LIT.-19/82  |p 1707912  |r 2019-01-03 00:00:00  |t 1  |w 2017-08-03  |y REV 
952 |0 0  |1 0  |4 0  |6 REV___CHIL__LIT_64_04_000000000000000  |7 0  |8 Hemeroteca  |9 75346  |a BC  |b BC  |c Hemeroteca  |d 2017-08-03  |l 0  |o REV. CHIL. LIT.-64/04  |p 1707943  |r 2019-01-03 00:00:00  |t 1  |w 2017-08-03  |y REV 
952 |0 0  |1 0  |4 0  |6 REV___CHIL__LIT_18_81_000000000000000  |7 0  |8 Hemeroteca  |9 75347  |a BC  |b BC  |c Hemeroteca  |d 2017-08-03  |l 0  |o REV. CHIL. LIT.-18/81  |p 1707911  |r 2019-01-03 00:00:00  |t 1  |w 2017-08-03  |y REV 
952 |0 0  |1 0  |4 0  |6 REV___CHIL__LIT_64_04_000000000000000  |7 0  |8 Hemeroteca  |9 75348  |a BC  |b BC  |c Hemeroteca  |d 2017-08-03  |l 0  |o REV. CHIL. LIT.-64/04  |p 1707942  |r 2019-01-03 00:00:00  |t 1  |w 2017-08-03  |y REV 
952 |0 0  |1 0  |4 0  |6 REV___CHIL__LIT_20_82_000000000000000  |7 0  |8 Hemeroteca  |9 75349  |a BC  |b BC  |c Hemeroteca  |d 2017-08-03  |l 0  |o REV. CHIL. LIT.-20/82  |p 1707913  |r 2019-01-03 00:00:00  |t 1  |w 2017-08-03  |y REV 
952 |0 0  |1 0  |4 0  |6 REV___CHIL__LIT_22_83_000000000000000  |7 0  |8 Hemeroteca  |9 75350  |a BC  |b BC  |c Hemeroteca  |d 2017-08-03  |l 0  |o REV. CHIL. LIT.-22/83  |p 1707914  |r 2019-01-03 00:00:00  |t 1  |w 2017-08-03  |y REV 
952 |0 0  |1 0  |4 0  |6 REV___CHIL__LIT_24_84_000000000000000  |7 0  |8 Hemeroteca  |9 75351  |a BC  |b BC  |c Hemeroteca  |d 2017-08-03  |l 0  |o REV. CHIL. LIT.-24/84  |p 1707915  |r 2019-01-03 00:00:00  |t 1  |w 2017-08-03  |y REV 
952 |0 0  |1 0  |4 0  |6 REV___CHIL__LIT_25_85_000000000000000  |7 0  |8 Hemeroteca  |9 75352  |a BC  |b BC  |c Hemeroteca  |d 2017-08-03  |l 0  |o REV. CHIL. LIT.-25/85  |p 1707916  |r 2019-01-03 00:00:00  |t 1  |w 2017-08-03  |y REV 
952 |0 0  |1 0  |4 0  |6 REV___CHIL__LIT_38_91_000000000000000  |7 0  |8 Hemeroteca  |9 75353  |a BC  |b BC  |c Hemeroteca  |d 2017-08-03  |l 0  |o REV. CHIL. LIT.-38/91  |p 1707925  |r 2019-01-03 00:00:00  |t 1  |w 2017-08-03  |y REV 
952 |0 0  |1 0  |4 0  |6 REV___CHIL__LIT_39_92_000000000000000  |7 0  |8 Hemeroteca  |9 75354  |a BC  |b BC  |c Hemeroteca  |d 2017-08-03  |l 0  |o REV. CHIL. LIT.-39/92  |p 1707926  |r 2019-01-03 00:00:00  |t 1  |w 2017-08-03  |y REV 
952 |0 0  |1 0  |4 0  |6 REV___CHIL__LIT_12_78_000000000000000  |7 0  |8 Hemeroteca  |9 75355  |a BC  |b BC  |c Hemeroteca  |d 2017-08-03  |l 0  |o REV. CHIL. LIT.-12/78  |p 1707906  |r 2019-01-03 00:00:00  |t 1  |w 2017-08-03  |y REV 
952 |0 0  |1 0  |4 0  |6 REV___CHIL__LIT_11_78_000000000000000  |7 0  |8 Hemeroteca  |9 75356  |a BC  |b BC  |c Hemeroteca  |d 2017-08-03  |l 0  |o REV. CHIL. LIT.-11/78  |p 1707905  |r 2019-01-03 00:00:00  |t 1  |w 2017-08-03  |y REV 
952 |0 0  |1 0  |4 0  |6 REV___CHIL__LIT_910_77_000000000000000  |7 0  |8 Hemeroteca  |9 75357  |a BC  |b BC  |c Hemeroteca  |d 2017-08-03  |l 0  |o REV. CHIL. LIT.-9-10/77  |p 1707904  |r 2019-01-03 00:00:00  |t 1  |w 2017-08-03  |y REV 
952 |0 0  |1 0  |4 0  |6 REV___CHIL__LIT_8_77_000000000000000  |7 0  |8 Hemeroteca  |9 75358  |a BC  |b BC  |c Hemeroteca  |d 2017-08-03  |l 0  |o REV. CHIL. LIT.-8/77  |p 1707903  |r 2019-01-03 00:00:00  |t 1  |w 2017-08-03  |y REV 
952 |0 0  |1 0  |4 0  |6 REV___CHIL__LIT_7_76_000000000000000  |7 0  |8 Hemeroteca  |9 75359  |a BC  |b BC  |c Hemeroteca  |d 2017-08-03  |l 0  |o REV. CHIL. LIT.-7/76  |p 1707902  |r 2019-01-03 00:00:00  |t 1  |w 2017-08-03  |y REV 
952 |0 0  |1 0  |4 0  |6 REV___CHIL__LIT_37_91_000000000000000  |7 0  |8 Hemeroteca  |9 75360  |a BC  |b BC  |c Hemeroteca  |d 2017-08-03  |l 0  |o REV. CHIL. LIT.-37/91  |p 1707924  |r 2019-01-03 00:00:00  |t 1  |w 2017-08-03  |y REV 
952 |0 0  |1 0  |4 0  |6 REV___CHIL__LIT_36_90_000000000000000  |7 0  |8 Hemeroteca  |9 75361  |a BC  |b BC  |c Hemeroteca  |d 2017-08-03  |l 0  |o REV. CHIL. LIT.-36/90  |p 1707923  |r 2019-01-03 00:00:00  |t 1  |w 2017-08-03  |y REV 
952 |0 0  |1 0  |4 0  |6 REV___CHIL__LIT_32_88_000000000000000  |7 0  |8 Hemeroteca  |9 75362  |a BC  |b BC  |c Hemeroteca  |d 2017-08-03  |l 0  |o REV. CHIL. LIT.-32/88  |p 1707919  |r 2019-01-03 00:00:00  |t 1  |w 2017-08-03  |y REV 
952 |0 0  |1 0  |4 0  |6 REV___CHIL__LIT_33_89_000000000000000  |7 0  |8 Hemeroteca  |9 75363  |a BC  |b BC  |c Hemeroteca  |d 2017-08-03  |l 0  |o REV. CHIL. LIT.-33/89  |p 1707920  |r 2019-01-03 00:00:00  |t 1  |w 2017-08-03  |y REV 
952 |0 0  |1 0  |4 0  |6 REV___CHIL__LIT_34_89_000000000000000  |7 0  |8 Hemeroteca  |9 75364  |a BC  |b BC  |c Hemeroteca  |d 2017-08-03  |l 0  |o REV. CHIL. LIT.-34/89  |p 1707921  |r 2019-01-03 00:00:00  |t 1  |w 2017-08-03  |y REV 
952 |0 0  |1 0  |4 0  |6 REV___CHIL__LIT_35_90_000000000000000  |7 0  |8 Hemeroteca  |9 75365  |a BC  |b BC  |c Hemeroteca  |d 2017-08-03  |l 0  |o REV. CHIL. LIT.-35/90  |p 1707922  |r 2019-01-03 00:00:00  |t 1  |w 2017-08-03  |y REV 
952 |0 0  |1 0  |4 0  |6 REV___CHIL__LIT_13_79_000000000000000  |7 0  |8 Hemeroteca  |9 75366  |a BC  |b BC  |c Hemeroteca  |d 2017-08-03  |l 1  |m 2  |o REV. CHIL. LIT.-13/79  |p 1707907  |r 2019-01-03 00:00:00  |s 2018-09-03  |t 1  |w 2017-08-03  |y REV 
952 |0 0  |1 0  |4 0  |6 REV___CHIL__LIT_63_03_000000000000000  |7 0  |8 Hemeroteca  |9 75367  |a BC  |b BC  |c Hemeroteca  |d 2017-08-03  |l 0  |o REV. CHIL. LIT.-63/03  |p 1707941  |r 2019-01-03 00:00:00  |t 1  |w 2017-08-03  |y REV 
952 |0 0  |1 0  |4 0  |6 REV___CHIL__LIT_61_02_000000000000000  |7 0  |8 Hemeroteca  |9 75368  |a BC  |b BC  |c Hemeroteca  |d 2017-08-03  |l 0  |o REV. CHIL. LIT.-61/02  |p 1707940  |r 2019-01-03 00:00:00  |t 1  |w 2017-08-03  |y REV 
952 |0 0  |1 0  |4 0  |6 REV___CHIL__LIT_60_02_000000000000000  |7 0  |8 Hemeroteca  |9 75369  |a BC  |b BC  |c Hemeroteca  |d 2017-08-03  |l 0  |o REV. CHIL. LIT.-60/02  |p 1707939  |r 2019-01-03 00:00:00  |t 1  |w 2017-08-03  |y REV 
952 |0 0  |1 0  |4 0  |6 REV___CHIL__LIT_59_01_000000000000000  |7 0  |8 Hemeroteca  |9 75370  |a BC  |b BC  |c Hemeroteca  |d 2017-08-03  |l 0  |o REV. CHIL. LIT.-59/01  |p 1707938  |r 2019-01-03 00:00:00  |t 1  |w 2017-08-03  |y REV 
952 |0 0  |1 0  |4 0  |6 REV___CHIL__LIT_57_00_000000000000000  |7 0  |8 Hemeroteca  |9 75371  |a BC  |b BC  |c Hemeroteca  |d 2017-08-03  |l 0  |o REV. CHIL. LIT.-57/00  |p 1707937  |r 2019-01-03 00:00:00  |t 1  |w 2017-08-03  |y REV 
952 |0 0  |1 0  |4 0  |6 REV___CHIL__LIT_54_99_000000000000000  |7 0  |8 Hemeroteca  |9 75372  |a BC  |b BC  |c Hemeroteca  |d 2017-08-03  |l 0  |o REV. CHIL. LIT.-54/99  |p 1707935  |r 2019-01-03 00:00:00  |t 1  |w 2017-08-03  |y REV 
952 |0 0  |1 0  |4 0  |6 REV___CHIL__LIT_53_98_000000000000000  |7 0  |8 Hemeroteca  |9 75373  |a BC  |b BC  |c Hemeroteca  |d 2017-08-03  |l 0  |o REV. CHIL. LIT.-53/98  |p 1707934  |r 2019-01-03 00:00:00  |t 1  |w 2017-08-03  |y REV 
952 |0 0  |1 0  |4 0  |6 REV___CHIL__LIT_69_06_000000000000000  |7 0  |8 Hemeroteca  |9 75374  |a BC  |b BC  |c Hemeroteca  |d 2017-08-03  |l 0  |o REV. CHIL. LIT.-69/06  |p 1707947  |r 2019-01-03 00:00:00  |t 1  |w 2017-08-03  |y REV 
952 |0 0  |1 0  |4 0  |6 REV___CHIL__LIT_41_93_000000000000000  |7 0  |8 Hemeroteca  |9 75375  |a BC  |b BC  |c Hemeroteca  |d 2017-08-03  |l 0  |o REV. CHIL. LIT.-41/93  |p 1707928  |r 2019-01-03 00:00:00  |t 1  |w 2017-08-03  |y REV 
952 |0 0  |1 0  |4 0  |6 REV___CHIL__LIT_40_92_000000000000000  |7 0  |8 Hemeroteca  |9 75376  |a BC  |b BC  |c Hemeroteca  |d 2017-08-03  |l 0  |o REV. CHIL. LIT.-40/92  |p 1707927  |r 2019-01-03 00:00:00  |t 1  |w 2017-08-03  |y REV 
952 |0 0  |1 0  |4 0  |6 REV___CHIL__LIT_74_09_000000000000000  |7 0  |8 Hemeroteca  |9 75377  |a BC  |b BC  |c Hemeroteca  |d 2017-08-03  |l 0  |o REV. CHIL. LIT.-74/09  |p 1707951  |r 2019-01-03 00:00:00  |t 1  |w 2017-08-03  |y REV 
952 |0 0  |1 0  |4 0  |6 REV___CHIL__LIT_43_93_000000000000000  |7 0  |8 Hemeroteca  |9 75378  |a BC  |b BC  |c Hemeroteca  |d 2017-08-03  |l 0  |o REV. CHIL. LIT.-43/93  |p 1707929  |r 2019-01-03 00:00:00  |t 1  |w 2017-08-03  |y REV 
952 |0 0  |1 0  |4 0  |6 REV___CHIL__LIT_72_08_000000000000000  |7 0  |8 Hemeroteca  |9 75379  |a BC  |b BC  |c Hemeroteca  |d 2017-08-03  |l 0  |o REV. CHIL. LIT.-72/08  |p 1707950  |r 2019-01-03 00:00:00  |t 1  |w 2017-08-03  |y REV 
952 |0 0  |1 0  |4 0  |6 REV___CHIL__LIT_52_98_000000000000000  |7 0  |8 Hemeroteca  |9 75380  |a BC  |b BC  |c Hemeroteca  |d 2017-08-03  |l 0  |o REV. CHIL. LIT.-52/98  |p 1707933  |r 2019-01-03 00:00:00  |t 1  |w 2017-08-03  |y REV 
952 |0 0  |1 0  |4 0  |6 REV___CHIL__LIT_50_97_000000000000000  |7 0  |8 Hemeroteca  |9 75381  |a BC  |b BC  |c Hemeroteca  |d 2017-08-03  |l 0  |o REV. CHIL. LIT.-50/97  |p 1707932  |r 2019-01-03 00:00:00  |t 1  |w 2017-08-03  |y REV 
952 |0 0  |1 0  |4 0  |6 REV___CHIL__LIT_46_95_000000000000000  |7 0  |8 Hemeroteca  |9 75382  |a BC  |b BC  |c Hemeroteca  |d 2017-08-03  |l 0  |o REV. CHIL. LIT.-46/95  |p 1707931  |r 2019-01-03 00:00:00  |t 1  |w 2017-08-03  |y REV 
952 |0 0  |1 0  |4 0  |6 REV___CHIL__LIT_45_94_000000000000000  |7 0  |8 Hemeroteca  |9 75383  |a BC  |b BC  |c Hemeroteca  |d 2017-08-03  |l 0  |o REV. CHIL. LIT.-45/94  |p 1707930  |r 2019-01-03 00:00:00  |t 1  |w 2017-08-03  |y REV 
952 |0 0  |1 0  |4 0  |6 REV___CHIL__LIT_56_00_000000000000000  |7 0  |8 Hemeroteca  |9 75384  |a BC  |b BC  |c Hemeroteca  |d 2017-08-03  |l 0  |o REV. CHIL. LIT.-56/00  |p 1707936  |r 2019-01-03 00:00:00  |t 1  |w 2017-08-03  |y REV 
952 |0 0  |1 0  |4 0  |6 REV___CHIL__LIT_71_07_000000000000000  |7 0  |8 Hemeroteca  |9 75385  |a BC  |b BC  |c Hemeroteca  |d 2017-08-03  |l 0  |o REV. CHIL. LIT.-71/07  |p 1707949  |r 2019-01-03 00:00:00  |t 1  |w 2017-08-03  |y REV 
952 |0 0  |1 0  |4 0  |6 REV___CHIL__LIT_70_07_000000000000000  |7 0  |8 Hemeroteca  |9 75386  |a BC  |b BC  |c Hemeroteca  |d 2017-08-03  |l 0  |o REV. CHIL. LIT.-70/07  |p 1707948  |r 2019-01-03 00:00:00  |t 1  |w 2017-08-03  |y REV 
952 |0 0  |1 0  |4 0  |6 REV___CHIL__LIT_66_05_000000000000000  |7 0  |8 Hemeroteca  |9 75387  |a BC  |b BC  |c Hemeroteca  |d 2017-08-03  |l 0  |o REV. CHIL. LIT.-66/05  |p 1707944  |r 2019-01-03 00:00:00  |t 1  |w 2017-08-03  |y REV 
999 |c 39698  |d 39698